00430 a2200109 4500001001000000005001700010008004100027245010100068100002500169773010900194999001700303ART_1078920260410161854.0260409a 10aLos derechos de incidencia colectiva en el Proyecto de Código Civil y Comercial de la Nación1 aAzar, María José0 tDerecho privadogReforma del Código Civil I. Aspectos generales - Año I, Nº 2 (sep. 2012)wREV10455 c25306d25306